[Event "DEM U10 2024"]
[Site "Willingen GER"]
[Date "2024.05.23"]
[Round "8"]
[White "Sander, Tino"]
[Black "Shivkumar, Shreyas"]
[Result "1/2-1/2"]
[Termination "normal"]
[Board "7"]
[WhiteElo "1724"]
[BlackElo "1728"]
[WhiteClock "00:01:41"]
[BlackClock "00:15:12"]
[PlyCount "117"]
[WhiteFideId "34636110"]
[BlackFideId "34638407"]
[EventCountry "GER"]
[EventRounds "11"]
[EventType "swiss"]
[EventDate "2024.05.18"]

1. e4 {[%clk 01:15:55]} {[%emt 00:00:03]} c5 {[%clk 01:15:53]} {[%emt
00:00:07]} 2. Nf3 {[%clk 01:16:14]} {[%emt 00:00:12]} Nc6 {[%clk 01:16:13]}
{[%emt 00:00:10]} 3. d4 {[%clk 01:16:34]} {[%emt 00:00:09]} cxd4 {[%clk
01:16:37]} {[%emt 00:00:08]} 4. Nxd4 {[%clk 01:16:55]} {[%emt 00:00:08]} g6
{[%clk 01:17:02]} {[%emt 00:00:05]} 5. Nxc6 {[%clk 01:17:17]} {[%emt 00:00:08]}
bxc6 {[%clk 01:17:25]} {[%emt 00:00:07]} 6. Qd4 {[%clk 01:17:39]} {[%emt
00:00:08]} Nf6 {[%clk 01:14:19]} {[%emt 00:03:36]} 7. e5 {[%clk 01:17:58]}
{[%emt 00:00:12]} Nh5 {[%clk 01:12:38]} {[%emt 00:02:11]} 8. Nc3 {[%clk
01:15:07]} {[%emt 00:03:21]} Qb6 {[%clk 01:06:04]} {[%emt 00:07:04]} 9. Qxb6
{[%clk 01:13:57]} {[%emt 00:01:40]} axb6 {[%clk 01:06:27]} {[%emt 00:00:06]}
10. Be3 {[%clk 01:14:07]} {[%emt 00:00:20]} b5 {[%clk 01:05:04]} {[%emt
00:01:55]} 11. Be2 {[%clk 01:09:04]} {[%emt 00:05:32]} b4 {[%clk 01:04:28]}
{[%emt 00:01:06]} 12. Ne4 {[%clk 01:09:19]} {[%emt 00:00:14]} Ng7 {[%emt
00:00:40]} 13. Bd2 {[%clk 01:05:09]} {[%emt 00:04:38]} Rb8 {[%clk 01:02:52]}
{[%emt 00:01:59]} 14. O-O-O {[%clk 00:59:48]} {[%emt 00:05:51]} Ne6 {[%clk
01:00:29]} {[%emt 00:02:53]} 15. f4 {[%clk 00:53:00]} {[%emt 00:07:18]} Bg7
{[%clk 00:59:09]} {[%emt 00:01:50]} 16. g4 {[%clk 00:50:31]} {[%emt 00:02:58]}
O-O {[%clk 00:58:22]} {[%emt 00:01:18]} 17. Bc4 {[%clk 00:42:27]} {[%emt
00:08:33]} Rd8 {[%clk 00:53:46]} {[%emt 00:05:07]} 18. Be3 {[%clk 00:39:02]}
{[%emt 00:03:54]} Nc7 {[%clk 00:49:13]} {[%emt 00:05:03]} 19. Ng5 {[%clk
00:34:54]} {[%emt 00:04:38]} Nd5 {[%clk 00:49:18]} {[%emt 00:00:24]} 20. Rhe1
{[%clk 00:30:40]} {[%emt 00:04:45]} h6 {[%clk 00:48:15]} {[%emt 00:01:33]} 21.
Bxd5 {[%clk 00:27:28]} {[%emt 00:03:43]} cxd5 {[%clk 00:46:28]} {[%emt
00:02:17]} 22. Nf3 {[%clk 00:26:30]} {[%emt 00:01:26]} e6 {[%clk 00:45:39]}
{[%emt 00:01:21]} 23. Bc5 {[%clk 00:24:23]} {[%emt 00:02:35]} Bf8 {[%clk
00:43:51]} {[%emt 00:02:20]} 24. Bxf8 {[%clk 00:24:41]} {[%emt 00:00:11]} Kxf8
{[%clk 00:44:08]} {[%emt 00:00:14]} 25. Nd4 {[%clk 00:22:18]} {[%emt 00:02:53]}
Bb7 {[%clk 00:42:19]} {[%emt 00:02:15]} 26. Nb5 {[%clk 00:20:10]} {[%emt
00:02:42]} Bc6 {[%clk 00:42:01]} {[%emt 00:00:47]} 27. Nd6 {[%clk 00:20:27]}
{[%emt 00:00:13]} Ra8 {[%clk 00:41:51]} {[%emt 00:00:41]} 28. Rd4 {[%clk
00:15:33]} {[%emt 00:05:23]} Rdb8 {[%clk 00:41:04]} {[%emt 00:01:18]} 29. Kb1
{[%clk 00:14:30]} {[%emt 00:01:32]} Ke7 {[%clk 00:41:08]} {[%emt 00:00:26]} 30.
Rg1 {[%clk 00:12:04]} {[%emt 00:02:49]} f6 {[%clk 00:38:07]} {[%emt 00:03:39]}
31. Rf1 {[%clk 00:10:10]} {[%emt 00:02:18]} g5 {[%clk 00:36:59]} {[%emt
00:01:42]} 32. Nf7 {[%clk 00:02:44]} {[%emt 00:07:57]} Kxf7 {[%clk 00:36:51]}
{[%emt 00:00:38]} 33. fxg5 {[%clk 00:03:08]} {[%emt 00:00:06]} hxg5 {[%clk
00:37:00]} {[%emt 00:00:21]} 34. Rxf6+ {[%emt 00:00:40]} Kg7 {[%clk 00:37:16]}
{[%emt 00:00:09]} 35. b3 {[%clk 00:01:31]} {[%emt 00:02:03]} Rf8 {[%clk
00:36:38]} {[%emt 00:01:08]} 36. Rxf8 {[%clk 00:00:56]} {[%emt 00:01:05]} Rxf8
{[%clk 00:37:00]} {[%emt 00:00:08]} 37. Rxb4 {[%clk 00:01:21]} {[%emt
00:00:05]} Rh8 {[%clk 00:37:08]} {[%emt 00:00:21]} 38. a4 {[%clk 00:01:30]}
{[%emt 00:00:21]} Rxh2 {[%clk 00:37:10]} {[%emt 00:00:28]} 39. a5 {[%clk
00:01:46]} {[%emt 00:00:15]} Rh8 {[%clk 00:37:04]} {[%emt 00:00:35]} 40. a6
{[%clk 00:02:11]} {[%emt 00:00:06]} Ra8 {[%clk 00:37:16]} {[%emt 00:00:17]} 41.
Rb6 {[%clk 00:02:21]} {[%emt 00:00:20]} Ra7 {[%clk 00:34:46]} {[%emt 00:03:01]}
42. b4 {[%clk 00:01:42]} {[%emt 00:01:09]} d4 {[%clk 00:35:00]} {[%emt
00:00:15]} 43. Kc1 {[%clk 00:01:28]} {[%emt 00:00:44]} Bf3 {[%clk 00:26:53]}
{[%emt 00:08:38]} 44. b5 {[%clk 00:01:02]} {[%emt 00:00:55]} Kf7 {[%clk
00:25:43]} {[%emt 00:01:41]} 45. Rd6 {[%clk 00:09:56]} {[%emt 00:06:35]} Bd5
{[%clk 00:36:41]} {[%emt 00:04:32]} 46. Kd2 {[%clk 00:09:51]} {[%emt 00:00:25]}
Bg2 {[%clk 00:29:18]} {[%emt 00:08:03]} 47. Rxd4 {[%clk 00:08:03]} {[%emt
00:02:18]} Ke7 {[%clk 00:28:29]} {[%emt 00:01:19]} 48. c4 {[%clk 00:07:19]}
{[%emt 00:01:13]} Kd8 {[%clk 00:28:52]} {[%emt 00:00:08]} 49. Rd6 {[%clk
00:07:14]} {[%emt 00:00:35]} Rc7 {[%clk 00:28:23]} {[%emt 00:01:00]} 50. Kc3
{[%clk 00:05:17]} {[%emt 00:02:26]} Bd5 {[%clk 00:27:29]} {[%emt 00:01:25]} 51.
Kb4 {[%clk 00:00:35]} {[%emt 00:05:11]} Rxc4+ {[%clk 00:27:45]} {[%emt
00:00:14]} 52. Ka5 {[%clk 00:00:59]} {[%emt 00:00:06]} Kc8 {[%clk 00:26:24]}
{[%emt 00:01:51]} 53. a7 {[%clk 00:00:41]} {[%emt 00:00:49]} Bb7 {[%clk
00:26:09]} {[%emt 00:00:44]} 54. Kb6 {[%clk 00:00:42]} {[%emt 00:00:29]} Ba8
{[%clk 00:25:06]} {[%emt 00:01:33]} 55. Rd1 {[%clk 00:00:38]} {[%emt 00:00:34]}
Rc7 {[%clk 00:17:45]} {[%emt 00:07:51]} 56. Rf1 {[%clk 00:00:43]} {[%emt
00:00:25]} Rb7+ {[%clk 00:16:47]} {[%emt 00:01:29]} 57. Kc5 {[%clk 00:01:03]}
{[%emt 00:00:07]} Rxa7 {[%clk 00:14:50]} {[%emt 00:02:30]} 58. Rf8+ {[%clk
00:01:23]} {[%emt 00:00:09]} Kb7 {[%clk 00:15:12]} {[%emt 00:00:09]} 59. Rf7
{[%clk 00:01:41]} {[%emt 00:00:08]} 1/2-1/2

[Event "DEM U10 2024"]
[Site "Willingen GER"]
[Date "2024.05.23"]
[Round "8"]
[White "Braren, Ove Neelis"]
[Black "Stoyanov, Victor"]
[Result "1-0"]
[Termination "normal"]
[Board "8"]
[WhiteElo "1672"]
[BlackElo "1658"]
[WhiteClock "00:09:31"]
[BlackClock "00:01:42"]
[PlyCount "72"]
[WhiteFideId "34663770"]
[BlackFideId "5401240"]
[EventCountry "GER"]
[EventRounds "11"]
[EventType "swiss"]
[EventDate "2024.05.18"]

1. e4 {[%clk 01:15:58]} {[%emt 00:00:01]} c5 {[%clk 01:15:58]} {[%emt
00:00:02]} 2. Nf3 {[%clk 01:16:18]} {[%emt 00:00:10]} d6 {[%clk 01:16:16]}
{[%emt 00:00:12]} 3. d4 {[%clk 01:16:43]} {[%emt 00:00:06]} cxd4 {[%clk
01:16:42]} {[%emt 00:00:04]} 4. Nxd4 {[%clk 01:17:06]} {[%emt 00:00:07]} Nf6
{[%clk 01:17:07]} {[%emt 00:00:04]} 5. Nc3 {[%clk 01:17:29]} {[%emt 00:00:07]}
a6 {[%clk 01:17:33]} {[%emt 00:00:05]} 6. Bc4 {[%clk 01:17:51]} {[%emt
00:00:07]} e6 {[%clk 01:17:58]} {[%emt 00:00:06]} 7. Bb3 {[%clk 01:18:09]}
{[%emt 00:00:12]} Be7 {[%clk 01:17:32]} {[%emt 00:00:56]} 8. g4 {[%clk
01:18:28]} {[%emt 00:00:11]} O-O {[%clk 01:17:54]} {[%emt 00:00:08]} 9. Be3
{[%clk 01:18:28]} {[%emt 00:00:29]} b5 {[%clk 01:17:59]} {[%emt 00:00:26]} 10.
g5 {[%clk 01:16:57]} {[%emt 00:02:00]} Nfd7 {[%clk 01:13:58]} {[%emt 00:04:32]}
11. h4 {[%clk 01:15:46]} {[%emt 00:01:40]} Nc5 {[%clk 01:12:53]} {[%emt
00:01:36]} 12. f3 {[%clk 01:11:12]} {[%emt 00:05:04]} Bb7 {[%clk 01:05:37]}
{[%emt 00:07:45]} 13. Qd2 {[%clk 01:07:09]} {[%emt 00:04:34]} Nbd7 {[%clk
01:01:49]} {[%emt 00:04:17]} 14. h5 {[%clk 01:03:30]} {[%emt 00:04:09]} Ne5
{[%clk 00:59:20]} {[%emt 00:02:59]} 15. Qg2 {[%clk 00:57:48]} {[%emt 00:06:12]}
Qd7 {[%clk 00:52:40]} {[%emt 00:07:11]} 16. g6 {[%clk 00:53:19]} {[%emt
00:04:58]} Rad8 {[%clk 00:45:12]} {[%emt 00:07:58]} 17. h6 {[%clk 00:44:51]}
{[%emt 00:08:58]} Bf6 {[%clk 00:09:28]} {[%emt 00:36:14]} 18. gxh7+ {[%clk
00:34:40]} {[%emt 00:10:41]} Kh8 {[%clk 00:09:27]} {[%emt 00:00:31]} 19. hxg7+
{[%clk 00:35:01]} {[%emt 00:00:09]} Bxg7 {[%clk 00:09:48]} {[%emt 00:00:08]}
20. O-O-O {[%clk 00:34:15]} {[%emt 00:01:17]} Nxb3+ {[%clk 00:07:07]} {[%emt
00:03:10]} 21. axb3 {[%clk 00:32:38]} {[%emt 00:02:09]} Ng6 {[%clk 00:05:01]}
{[%emt 00:02:35]} 22. f4 {[%clk 00:29:56]} {[%emt 00:03:13]} Qc8 {[%clk
00:02:13]} {[%emt 00:03:18]} 23. Rdg1 {[%clk 00:27:15]} {[%emt 00:03:10]} e5
{[%clk 00:02:12]} {[%emt 00:00:32]} 24. Nf5 {[%clk 00:26:03]} {[%emt 00:01:42]}
Qxf5 {[%clk 00:01:00]} {[%emt 00:01:42]} 25. exf5 {[%clk 00:25:00]} {[%emt
00:01:33]} Bxg2 {[%clk 00:01:29]} {[%emt 00:00:01]} 26. Rxg2 {[%clk 00:25:04]}
{[%emt 00:00:26]} Nxf4 {[%clk 00:01:47]} {[%emt 00:00:11]} 27. Rg4 {[%clk
00:23:15]} {[%emt 00:02:19]} f6 {[%clk 00:00:36]} {[%emt 00:01:42]} 28. Bxf4
{[%clk 00:20:12]} {[%emt 00:03:33]} exf4 {[%clk 00:01:05]} {[%emt 00:00:01]}
29. Rxf4 {[%clk 00:19:56]} {[%emt 00:00:46]} Rfe8 {[%clk 00:00:32]} {[%emt
00:01:02]} 30. Rg4 {[%clk 00:16:45]} {[%emt 00:03:40]} Rd7 {[%clk 00:00:48]}
{[%emt 00:00:15]} 31. Nd5 {[%clk 00:16:15]} {[%emt 00:01:01]} Rf7 {[%clk
00:00:33]} {[%emt 00:00:45]} 32. c4 {[%clk 00:11:39]} {[%emt 00:05:06]} Rd7
{[%clk 00:00:34]} {[%emt 00:00:29]} 33. Rhg1 {[%clk 00:10:13]} {[%emt
00:01:55]} Bh6+ {[%clk 00:00:48]} {[%emt 00:00:16]} 34. Kd1 {[%clk 00:10:05]}
{[%emt 00:00:38]} Bg7 {[%clk 00:00:49]} {[%emt 00:00:29]} 35. Nxf6 {[%clk
00:09:25]} {[%emt 00:01:11]} Bxf6 {[%clk 00:01:16]} {[%emt 00:00:02]} 36. Rg8+
{[%clk 00:09:31]} {[%emt 00:00:25]} Rxg8 {[%clk 00:01:42]} {[%emt 00:00:03]}
1-0

[Event "DEM U10 2024"]
[Site "Willingen GER"]
[Date "2024.05.23"]
[Round "8"]
[White "Bergmann, Rafael Antonio"]
[Black "Cremann, Jannis"]
[Result "1/2-1/2"]
[Termination "normal"]
[Board "9"]
[WhiteElo "1776"]
[BlackElo "1633"]
[WhiteClock "00:13:40"]
[BlackClock "01:00:09"]
[PlyCount "52"]
[WhiteFideId "34635076"]
[BlackFideId "34660178"]
[EventCountry "GER"]
[EventRounds "11"]
[EventType "swiss"]
[EventDate "2024.05.18"]

1. e4 {[%clk 01:15:56]} {[%emt 00:00:02]} c5 {[%clk 01:15:50]} {[%emt
00:00:11]} 2. Nf3 {[%clk 01:16:21]} {[%emt 00:00:06]} a6 {[%clk 01:16:09]}
{[%emt 00:00:11]} 3. c4 {[%clk 01:16:38]} {[%emt 00:00:14]} Nc6 {[%clk
01:16:23]} {[%emt 00:00:15]} 4. d4 {[%clk 01:15:52]} {[%emt 00:01:16]} cxd4
{[%clk 01:16:35]} {[%emt 00:00:18]} 5. Nxd4 {[%clk 01:16:14]} {[%emt 00:00:07]}
e5 {[%clk 01:16:30]} {[%emt 00:00:35]} 6. Nf3 {[%clk 01:11:32]} {[%emt
00:05:12]} Bc5 {[%clk 01:16:01]} {[%emt 00:00:59]} 7. Bd3 {[%clk 01:03:12]}
{[%emt 00:08:50]} d6 {[%clk 01:15:18]} {[%emt 00:01:14]} 8. h3 {[%clk
00:56:00]} {[%emt 00:07:42]} Nge7 {[%clk 01:13:01]} {[%emt 00:02:47]} 9. Nc3
{[%clk 00:54:25]} {[%emt 00:02:05]} f5 {[%clk 01:11:54]} {[%emt 00:01:37]} 10.
Nd5 {[%clk 00:47:34]} {[%emt 00:07:21]} Nxd5 {[%clk 01:10:17]} {[%emt
00:02:07]} 11. cxd5 {[%clk 00:47:02]} {[%emt 00:01:02]} Ne7 {[%clk 01:10:31]}
{[%emt 00:00:16]} 12. Bg5 {[%clk 00:41:59]} {[%emt 00:05:32]} O-O {[%clk
01:09:14]} {[%emt 00:01:47]} 13. O-O {[%clk 00:34:20]} {[%emt 00:08:10]} h6
{[%clk 01:08:28]} {[%emt 00:01:15]} 14. Be3 {[%clk 00:32:18]} {[%emt 00:02:31]}
Bxe3 {[%clk 01:07:40]} {[%emt 00:01:20]} 15. fxe3 {[%clk 00:30:30]} {[%emt
00:02:18]} Qb6 {[%clk 01:05:45]} {[%emt 00:02:24]} 16. Qd2 {[%clk 00:30:09]}
{[%emt 00:00:51]} fxe4 {[%clk 01:05:28]} {[%emt 00:00:48]} 17. Bxe4 {[%clk
00:30:32]} {[%emt 00:00:07]} Nf5 {[%clk 01:05:39]} {[%emt 00:00:19]} 18. Bxf5
{[%clk 00:30:36]} {[%emt 00:00:26]} Bxf5 {[%clk 01:05:58]} {[%emt 00:00:11]}
19. Rad1 {[%clk 00:25:16]} {[%emt 00:05:49]} Rac8 {[%clk 01:05:04]} {[%emt
00:01:24]} 20. Ne1 {[%clk 00:23:49]} {[%emt 00:01:57]} Be4 {[%clk 01:03:18]}
{[%emt 00:02:16]} 21. Rxf8+ {[%clk 00:18:33]} {[%emt 00:05:46]} Rxf8 {[%clk
01:03:25]} {[%emt 00:00:23]} 22. Nd3 {[%clk 00:18:51]} {[%emt 00:00:12]} Bxd3
{[%clk 01:02:09]} {[%emt 00:01:46]} 23. Qxd3 {[%clk 00:18:24]} {[%emt
00:00:57]} Qxb2 {[%clk 01:02:06]} {[%emt 00:00:33]} 24. Rd2 {[%clk 00:17:00]}
{[%emt 00:01:54]} Qa1+ {[%clk 01:01:22]} {[%emt 00:01:12]} 25. Kh2 {[%clk
00:15:11]} {[%emt 00:02:21]} Rf1 {[%clk 01:00:09]} {[%emt 00:01:43]} 26. Re2
{[%clk 00:13:40]} {[%emt 00:02:00]} Qd1 {[%emt 00:04:51]} 1/2-1/2

[Event "DEM U10 2024"]
[Site "Willingen GER"]
[Date "2024.05.23"]
[Round "8"]
[White "Liu, Jonas"]
[Black "Barsov, Mikhail"]
[Result "0-1"]
[Termination "normal"]
[Board "10"]
[WhiteElo "1632"]
[BlackElo "1708"]
[WhiteClock "00:06:14"]
[BlackClock "00:15:57"]
[PlyCount "94"]
[WhiteFideId "34660941"]
[BlackFideId "34623906"]
[EventCountry "GER"]
[EventRounds "11"]
[EventType "swiss"]
[EventDate "2024.05.18"]

1. e4 {[%clk 01:15:51]} {[%emt 00:00:08]} c6 {[%clk 01:15:58]} {[%emt
00:00:03]} 2. Nf3 {[%clk 01:16:13]} {[%emt 00:00:07]} d5 {[%clk 01:16:25]}
{[%emt 00:00:04]} 3. exd5 {[%clk 01:16:39]} {[%emt 00:00:04]} cxd5 {[%clk
01:16:50]} {[%emt 00:00:05]} 4. Ne5 {[%clk 01:16:55]} {[%emt 00:00:14]} Nd7
{[%clk 01:13:07]} {[%emt 00:04:13]} 5. Bb5 {[%clk 01:16:19]} {[%emt 00:01:04]}
a6 {[%clk 01:13:14]} {[%emt 00:00:26]} 6. Bxd7+ {[%clk 01:16:29]} {[%emt
00:00:19]} Bxd7 {[%clk 01:13:33]} {[%emt 00:00:11]} 7. d4 {[%clk 01:15:46]}
{[%emt 00:01:12]} Nf6 {[%clk 01:12:46]} {[%emt 00:01:18]} 8. O-O {[%clk
01:15:05]} {[%emt 00:01:07]} e6 {[%clk 01:12:40]} {[%emt 00:00:40]} 9. c3
{[%clk 01:13:28]} {[%emt 00:02:06]} Be7 {[%clk 01:09:56]} {[%emt 00:03:15]} 10.
Bf4 {[%clk 01:11:02]} {[%emt 00:02:55]} Qb6 {[%clk 01:07:35]} {[%emt 00:02:51]}
11. Nd3 {[%clk 01:01:42]} {[%emt 00:09:51]} Bb5 {[%clk 01:05:18]} {[%emt
00:02:48]} 12. b3 {[%clk 00:57:28]} {[%emt 00:04:43]} Rc8 {[%clk 01:00:36]}
{[%emt 00:05:12]} 13. f3 {[%clk 00:49:50]} {[%emt 00:08:07]} Nh5 {[%clk
00:53:24]} {[%emt 00:07:42]} 14. Be3 {[%clk 00:48:42]} {[%emt 00:01:37]} Bd6
{[%clk 00:45:20]} {[%emt 00:08:36]} 15. Re1 {[%clk 00:45:27]} {[%emt 00:03:45]}
Bxd3 {[%clk 00:42:15]} {[%emt 00:03:35]} 16. Qxd3 {[%clk 00:45:12]} {[%emt
00:00:45]} Qc7 {[%clk 00:42:19]} {[%emt 00:00:25]} 17. h3 {[%clk 00:44:33]}
{[%emt 00:01:10]} Bh2+ {[%clk 00:40:57]} {[%emt 00:01:51]} 18. Kh1 {[%clk
00:38:23]} {[%emt 00:06:40]} Bg3 {[%clk 00:40:02]} {[%emt 00:01:26]} 19. Rf1
{[%clk 00:34:51]} {[%emt 00:04:01]} Nf4 {[%clk 00:39:55]} {[%emt 00:00:37]} 20.
Qc2 {[%clk 00:31:42]} {[%emt 00:03:40]} b5 {[%clk 00:39:05]} {[%emt 00:01:21]}
21. b4 {[%clk 00:30:14]} {[%emt 00:01:57]} Qc4 {[%clk 00:38:25]} {[%emt
00:01:10]} 22. Nd2 {[%clk 00:24:36]} {[%emt 00:06:07]} Qe2 {[%clk 00:33:54]}
{[%emt 00:04:58]} 23. Bxf4 {[%clk 00:24:40]} {[%emt 00:00:30]} Bxf4 {[%clk
00:34:18]} {[%emt 00:00:06]} 24. Rad1 {[%clk 00:22:59]} {[%emt 00:02:10]} Qe3
{[%clk 00:33:59]} {[%emt 00:00:50]} 25. Nb1 {[%emt 00:03:59]} Bd6 {[%clk
00:33:08]} {[%emt 00:01:17]} 26. Qd2 {[%clk 00:15:06]} {[%emt 00:04:58]} Qxd2
{[%clk 00:31:55]} {[%emt 00:01:43]} 27. Rxd2 {[%clk 00:14:00]} {[%emt
00:01:35]} Kd7 {[%clk 00:31:31]} {[%emt 00:00:54]} 28. g4 {[%clk 00:11:01]}
{[%emt 00:03:29]} h5 {[%clk 00:31:23]} {[%emt 00:00:39]} 29. Kg2 {[%clk
00:11:20]} {[%emt 00:00:11]} hxg4 {[%clk 00:30:59]} {[%emt 00:00:54]} 30. fxg4
{[%clk 00:11:37]} {[%emt 00:00:13]} f6 {[%clk 00:30:52]} {[%emt 00:00:37]} 31.
g5 {[%clk 00:10:58]} {[%emt 00:01:08]} Ke7 {[%clk 00:28:46]} {[%emt 00:02:36]}
32. gxf6+ {[%clk 00:09:28]} {[%emt 00:02:00]} gxf6 {[%clk 00:29:12]} {[%emt
00:00:05]} 33. Rdf2 {[%clk 00:09:28]} {[%emt 00:00:30]} Rcg8+ {[%clk 00:29:36]}
{[%emt 00:00:05]} 34. Kf3 {[%clk 00:09:33]} {[%emt 00:00:24]} Rxh3+ {[%clk
00:29:47]} {[%emt 00:00:20]} 35. Ke2 {[%clk 00:09:52]} {[%emt 00:00:11]} Rh2
{[%clk 00:27:35]} {[%emt 00:02:40]} 36. Nd2 {[%clk 00:09:24]} {[%emt 00:00:59]}
Rxf2+ {[%clk 00:27:51]} {[%emt 00:00:16]} 37. Rxf2 {[%clk 00:09:37]} {[%emt
00:00:17]} Rg3 {[%clk 00:27:52]} {[%emt 00:00:28]} 38. Nf3 {[%clk 00:09:46]}
{[%emt 00:00:20]} Kf7 {[%clk 00:25:10]} {[%emt 00:03:14]} 39. Rh2 {[%clk
00:06:23]} {[%emt 00:03:52]} Kg6 {[%clk 00:20:05]} {[%emt 00:05:34]} 40. Rh8
{[%clk 00:06:18]} {[%emt 00:00:37]} Rg2+ {[%clk 00:19:33]} {[%emt 00:01:01]}
41. Ke3 {[%clk 00:06:18]} {[%emt 00:00:30]} Rxa2 {[%clk 00:19:23]} {[%emt
00:00:40]} 42. Rg8+ {[%clk 00:06:21]} {[%emt 00:00:27]} Kf7 {[%clk 00:18:12]}
{[%emt 00:01:41]} 43. Rh8 {[%clk 00:06:37]} {[%emt 00:00:14]} Ra3 {[%clk
00:17:33]} {[%emt 00:01:08]} 44. Rc8 {[%clk 00:06:44]} {[%emt 00:00:24]} Bxb4
{[%clk 00:16:30]} {[%emt 00:01:34]} 45. Rc7+ {[%clk 00:06:57]} {[%emt
00:00:16]} Ke8 {[%clk 00:15:20]} {[%emt 00:01:41]} 46. Rc8+ {[%clk 00:07:04]}
{[%emt 00:00:22]} Kd7 {[%clk 00:15:42]} {[%emt 00:00:09]} 47. Rh8 {[%clk
00:06:14]} {[%emt 00:01:19]} Rxc3+ {[%clk 00:15:57]} {[%emt 00:00:16]} 0-1